Evaluating performance in physical education /

Bibliographic Details
Main Author: Franks, B. Don
Other Authors: Deutsch, Helga
Format: Book
Language:English
Published: New York : Academic Press, [1973]
Subjects:

MARC

Tag First Indicator Second Indicator Subfields
LEADER 00000cam a2200000 4500
001 in00000471721
005 20151013050551.0
008 731023s1973 nyua bs 00110 eng
010 |a  72088369  
035 |a (OCoLC)00736872 
035 |9 ACA4489AM 
040 |a DLC  |c DLC  |d TXA  |d UtOrBLW 
049 |a TXAM  |c [1412242] 
050 0 0 |a GV436  |b .F74 
082 0 |a 371.2/7 
100 1 |a Franks, B. Don. 
245 1 0 |a Evaluating performance in physical education /  |c [by] B. Don Franks [and] Helga Deutsch. 
264 1 |a New York :  |b Academic Press,  |c [1973] 
300 |a xviii, 226 pages :  |b illustrations ;  |c 24 cm. 
336 |a text  |b txt  |2 rdacontent 
337 |a unmediated  |b n  |2 rdamedia 
338 |a volume  |b nc  |2 rdacarrier 
504 |a Includes bibliographies. 
650 0 |a Physical fitness  |x Testing. 
650 0 |a Physical education and training  |x Statistics. 
700 1 |a Deutsch, Helga. 
999 |a MARS 
999 f f |s 023a7114-c3c3-33ad-97b2-ee45a4f8d27e  |i 97d4ec2d-a3c5-392b-a363-417d5bb585a0  |t 0 
952 f f |p ric  |a Texas A&M University  |b Rellis Campus  |c Joint Library Facility  |d Remote Storage  |t 0  |e GV436 .F74  |h Library of Congress classification  |i unmediated -- volume  |m A14802459278 
998 f f |a GV436 .F74  |t 0  |l Remote Storage